00788nam a2200205 a 450000100100000000500170001000800410002704000250006808200200009310000240011324500380013726000660017530000280024159000260026965000280029565000310032391000370035495201760039199900150056700000946220240412074211.0090930s1957 dr a 000 p spa d aDO-SdBNPbspacBNPHU aRD861.44bN734r1 aNivar, Amada92426610aRosa de América /cAmada Nivar. aCiudad Trujillo, República Dominicana :bDel Caribe,c1957. a351 p. :bil. ;c24 cm. aInventariado, 2018/LP 0aPoesía dominicana966 0aLiteratura dominicana.967 aValidado. Control de calidad MFF 001050718RVaPDbPDcHDd2009-09-30iLF1l0oRD861.44 N734rp9462-10r2020-06-25w2020-06-25y1zPerteneció a la biblioteca personal de Martínez Boog.ZNo se presta c9222d9222